| 000 | 01023cam a2200205 4500 | ||
|---|---|---|---|
| 001 | ABS65906 | ||
| 008 | 020924n2002 000 0 eng u | ||
| 035 | _a(Sirsi) u119819 | ||
| 100 | _aBrewer, G | ||
| 245 | _aConsiders design development and ground conditions | ||
| 260 | _c2002 | ||
| 490 |
_aContract Journal _v414(6388) 31 July 2002, 14(1) |
||
| 520 | _aConsiders case of "Co-operative Insurance Society Ltd v Henry Boot Scotland Ltd"[2002], highlighting the incorporation of ground condition reports into the contract and responsibility of contractors development of design. Concludes that design and build contractors may be held responsible for the completed design regardless that some parts of the design may have been prepared by the employers' consultants. | ||
| 590 | _aABS | ||
| 650 | _aCO-OPERATIVE INSURANCE SOCIETY LTD V HENRY BOOT SCOTLAND LTD AND OTHERS | ||
| 650 | _aDESIGN AND BUILD CONTRACTORS | ||
| 650 |
_aContracts _96232 |
||
| 690 | _aBUILT ENVIRONMENT-CONSTRUCTION DESIGN | ||
| 942 | _n0 | ||
| 999 |
_c71205 _d71205 |
||